00578 2200193 4500001002100000005001500021035002000036007000300056008004100059020002200100082001000122084001600132100001900148245009800167250003000265260003800295300003500333650001600368INLIS00000000000091020250226073634 a0010-0225000085ta250226 g 0 ind  a978-602-7768-37-6 a540.3 a540.3 HER k0 aHermawan Aksan1 aKamus Kimia :bPraktis dan Mudah Dipahami /cHermawan Aksan (Penulis); Ika Fibrianti (Editor) aCetakan III, Januari 2019 aBandung :bNuansa Cendikia,c2019 a207 Halaman :bteks ;c20,8 cm 4aKamus Kimia